Mack Sennett
Αποθηκεύτηκε σε:
| Κύριος συγγραφέας: | |
|---|---|
| Μορφή: | Βιβλίο |
| Γλώσσα: | Γαλλικά |
| Έκδοση: |
París
Seghers
1966
|
| Σειρά: | Cinema D'Aujourd'Hui, 41
|
| Θέματα: | |
| Ετικέτες: |
Προσθήκη ετικέτας
Δεν υπάρχουν, Καταχωρήστε ετικέτα πρώτοι!
|
MARC
| LEADER | 00000nam a2200000 a 4500 | ||
|---|---|---|---|
| 001 | UCV8323 | ||
| 003 | CL-VaPUC | ||
| 008 | 910404e19660000FR |||||||||||||||||fre|d | ||
| 082 | 0 | 4 | |a 791.4309 |b TUR |2 21 |
| 100 | 0 | |a Turconi, David |e author |9 302389 | |
| 245 | 1 | 0 | |a Mack Sennett |
| 300 | |a 188 p | ||
| 942 | |c BK | ||
| 945 | |d 19910404 00:00:00 | ||
| 260 | |a París |b Seghers |c 1966 | ||
| 600 | 0 | 7 | |a SENNETT, MACK |2 CL-VaPUC |9 266451 |
| 650 | 0 | |a Cine |x Producción y dirección |9 264962 | |
| 583 | |a last modification |c 20180314 14:48:57 |k Rodrigo Vera | ||
| 490 | 0 | |a Cinema D'Aujourd'Hui, 41 | |
| 999 | |c 213860 |d 213858 | ||
| 952 | |0 0 |1 0 |4 0 |6 791_430900000000000_TUR_1966 |7 0 |8 P |9 196659 |a BIBART |b BIBART |d 2019-11-14 |i 1207563 |o 791.4309 TUR 1966 |p 1207563 |r 2025-03-13 |w 2019-11-14 |y BK |k ART | ||